Monty Python live! /

Two feature length live concerts and one television broadcast of Monty Python.

Bibliographic Details
Corporate Authors: Monty Python (Comedy troupe), Arts and Entertainment Network, A & E Home Video (Firm), New Video Group
Other Authors: Chapman, Graham, 1941-1989, Cleese, John, Palin, Michael, Gilliam, Terry, Idle, Eric, Jones, Terry, 1942-2020
Format: Video DVD
Language:English
German
Language Notes:In English; bonus program in German with English subtitles.
Published: [New York] : A & E : [2001]
Subjects:

MARC

Tag First Indicator Second Indicator Subfields
LEADER 00000cgm a2200000Ka 4500
001 in00002673321
005 20200725064208.0
007 vd cvaizs
008 011026s2001 enk270 g vleng d
019 |a 163595757 
020 |a 076704150X (set) 
020 |a 9780767041508 (set) 
020 |a 0767041518 (v.1) 
020 |a 9780767041515 (v.1) 
020 |a 0767041526 (v.2) 
020 |a 9780767041522 (v.2) 
024 1 |a 733961703535 
024 1 |a 733961703542 
024 1 |a 733961703559 
028 4 2 |a AAE-70353 (set)  |b A&E Home Video 
028 0 0 |a AAE-70354 (v. 1)  |b A&E Home Video 
028 0 0 |a AAE-70354 (v. 2)  |b A&E Home Video 
035 |a (OCoLC)ocm48218608 
035 |a (OCoLC)48218608  |z (OCoLC)163595757 
040 |a TEF  |c TEF  |d OCLCQ  |d RCS  |d BTCTA  |d OCLCQ  |d Q2Z  |d CCPBT  |d UtOrBLW 
041 1 |a eng  |a ger  |j eng 
049 |a TXAM 
050 4 |a PN1992.8.C66  |b M661 2001 
082 0 4 |a 792.2/3/078  |2 22 
090 |a PN1992.8.C66  |b M66 2001 
245 0 0 |a Monty Python live! /  |c [conceived, written & performed by Graham Chapman and others]. 
264 1 |a [New York] :  |b A & E :  |c [2001] 
264 2 |a [New York] :  |b Distributed by New Video, 
300 |a 2 videodiscs (approximately 270 min.) :  |b sound, color ;  |c 4 3/4 in. 
306 |a 023300  |a 015700 
336 |a two-dimensional moving image  |b tdi  |2 rdacontent 
337 |a video  |b v  |2 rdamedia 
338 |a videodisc  |b vd  |2 rdacarrier 
538 |a DVD; full screen; Dolby digital stereo. 
546 |a In English; bonus program in German with English subtitles. 
511 1 |a Graham Chapman, John Cleese, Michael Palin, Terry Gilliam, Eric Idle, Terry Jones. 
500 |a Originally broadcast in 1972 and 1998. 
500 |a Information from pre-release promotional materials; release date: Oct. 30, 2001. 
521 8 |a MPAA rating: Not rated. 
520 |a Two feature length live concerts and one television broadcast of Monty Python. 
505 0 |a Vol. 1. Monty Python live at the Hollywood Bowl -- Monty Python's Flying Circus: live at Aspen -- v. 2. Parrot sketch not included: 20 years of Python -- Bonus program: original German "Monty Python's Flieggender Zirkus #1 
500 |a Special features include: Post-Python Troupe highlights; Pythonisms; Bleeding critics; Confusing musings. 
500 |a Videorecording. 
650 0 |a Comedy sketches. 
655 7 |a Television comedies.  |2 lcgft 
655 0 |a Comedy programs. 
655 7 |a Comedy films.  |2 lcgft 
655 7 |a Filmed performances.  |2 lcgft 
700 1 |a Chapman, Graham,  |d 1941-1989. 
700 1 |a Cleese, John. 
700 1 |a Palin, Michael. 
700 1 |a Gilliam, Terry. 
700 1 |a Idle, Eric. 
700 1 |a Jones, Terry,  |d 1942-2020. 
710 2 |a Monty Python (Comedy troupe) 
710 2 |a Arts and Entertainment Network. 
710 2 |a A & E Home Video (Firm) 
710 2 |a New Video Group. 
740 0 2 |a Monty Python live at the Hollywood Bowl. 
740 0 2 |a Monty Python's Flying Circus live at Aspen. 
740 0 2 |a Parrot sketch not included. 
938 |a Baker and Taylor  |b BTCP  |n be2001001501 
994 |a C0  |b TXA 
948 |a cataloged  |b h  |c 2011/3/22  |d c  |e blrosas  |f 1:52:53 pm 
999 |a MARS 
999 f f |s bac84d9e-7fb8-39e1-9b94-f8dfbc6365f2  |i 0056d863-eb12-3709-b866-32386c3146ac  |t 0 
952 f f |p dvd  |a Texas A&M University  |b College Station  |c Sterling C. Evans Library  |d Evans: Media and Reserves (Annex 1st floor)  |t 0  |e PN1992.8.C66 M66 2001  |h Library of Congress classification  |i video -- videodisc  |k v.2  |m A14839556611 
952 f f |p dvd  |a Texas A&M University  |b College Station  |c Sterling C. Evans Library  |d Evans: Media and Reserves (Annex 1st floor)  |t 0  |e PN1992.8.C66 M66 2001  |h Library of Congress classification  |i video -- videodisc  |k v.1  |m A14839556425 
998 f f |a PN1992.8.C66 M66 2001  |s v.1-2  |t 0  |l Evans: Media and Reserves (Annex 1st floor)